00697 a2200193 4500003000500000005001700005020001500022040000900037082001700046100003500063245007900098260003700177300001200214505008400226650002200310942002600332999001900358952012600377NUST20230126131721.0 a9698125019 cNust a909.0954,HAS aHassan, Mohammad Usman9107773 aMehergarh:bthe oldest civilization in south asia /cMohammad Usman Hassan aRawalpindibArmy Education press a121:p.' aIntroduction (Page-1), Photographs (Page-14), Figures (Page-10), Map (Page-9).  aMehergarh9107774 2ddccBKk909.0954,HAS c186143d186143 00102ddc4070aMCSbMCScGENd2016-12-12o909.0954,HASpMCS21500r2016-12-08w2016-12-12yBKzAlmirah No.58, Shelf No.4